Münzstatten und Münzen der STädte und Geistlichen Stifter Sachsens in Mittelalter
Shranjeno v:
| Glavni avtor: | |
|---|---|
| Format: | Knjiga |
| Jezik: | nemščina |
| Izdano: |
Leipzig
Druck von Wilh. Vogel, Sohn
1846
|
| Izdaja: | 1a. ed |
| Teme: | |
| Oznake: |
Označite
Brez oznak, prvi označite!
|
MARC
| LEADER | 00000nam a2200000 a 4500 | ||
|---|---|---|---|
| 001 | UCJ6820 | ||
| 003 | CL-VaPUC | ||
| 008 | 070124e18460000GW |||||||||||||||||ger|d | ||
| 082 | 0 | 4 | |a 737 |b POS |2 21 |
| 100 | 0 | |a Posern Klett, Carl Friedrich von |e author |9 514203 | |
| 245 | 1 | 0 | |a Münzstatten und Münzen der STädte und Geistlichen Stifter Sachsens in Mittelalter |
| 250 | |a 1a. ed | ||
| 300 | |a 386, lvi p | ||
| 942 | |c BK | ||
| 945 | |d 20070124 00:00:00 |a rinostro | ||
| 260 | |a Leipzig |b Druck von Wilh. Vogel, Sohn |c 1846 | ||
| 500 | |a Láminas conforme a lo señalado en índice | ||
| 650 | 0 | |a Numismática |9 318332 | |
| 650 | 0 | |a Ilustraciones |9 369481 | |
| 650 | 7 | |a EX LIBRIS |2 CL-VaPUC |9 505186 | |
| 583 | |a last modification |c 20070124 00:00:00 |k Rodrigo Vera | ||
| 999 | |c 322922 |d 322920 | ||
| 952 | |0 0 |1 0 |4 0 |6 737_000000000000000_POS_1846 |7 0 |8 X |9 402087 |a FDOBUD |b FDOBUD |d 2019-11-22 |i 1053493 |o 737 POS 1846 |p 1053493 |r 2019-11-22 |w 2019-11-22 |y BK_X |k BUD | ||